Ideology of the Hindi film : (Record no. 5593)

MARC details
000 -LEADER
fixed length control field 01329cam a2200229 4500
001 - CONTROL NUMBER
control field 6643
010 ## - LIBRARY OF CONGRESS CONTROL NUMBER
LC control number 98902940
020 ## - INTERNATIONAL STANDARD BOOK NUMBER
International Standard Book Number 0195652959.
100 1# - MAIN ENTRY--PERSONAL NAME
Personal name Prasad, M. Madhava.
245 10 - TITLE STATEMENT
Title Ideology of the Hindi film :
Remainder of title a historical construction /
Statement of responsibility, etc. M. Madhava Prasad.
264 #1 - PRODUCTION, PUBLICATION, DISTRIBUTION, MANUFACTURE, AND COPYRIGHT NOTICE
Place of production, publication, distribution, manufacture New Delhi ;
Name of producer, publisher, distributor, manufacturer Oxford University Press,
Date of production, publication, distribution, manufacture, or copyright notice 1998.
300 ## - PHYSICAL DESCRIPTION
Extent 258 pages :
Other physical details illustrations ;
Dimensions 22 cm
336 ## - CONTENT TYPE
Content type term text
Content type code txt
Source rdacontent
337 ## - MEDIA TYPE
Media type term unmediated
Media type code n
Source rdamedia
338 ## - CARRIER TYPE
Carrier type term volume
Carrier type code nc
Source rdacarrier
504 ## - BIBLIOGRAPHY, ETC. NOTE
Bibliography, etc. note Includes bibliographical references (pages [238]-247) and index
505 ## - FORMATTED CONTENTS NOTE
Formatted contents note Introduction: The Ideology of formal subsumption -- The economics of ideology: popular film form and mode of production -- The absolutist gaze: political structure and cultural form -- Guardians of the view: the prohibition of the private -- The moment of diasggregation -- The aesthetic of mobilization -- Middle-class cinema -- The development aesthetic -- Towards real subsumption?: signs of ideological reform in two recent films.
Miscellaneous information
Statement of responsibility
Title
520 ## - SUMMARY, ETC.
Summary, etc. This book highlights distinctive features of the narrative forms of Hindi cinema and explores the economic, historical and cultural reasons for these
Summary, etc. With reference to India
650 #0 - SUBJECT ADDED ENTRY--TOPICAL TERM
Topical term or geographic name entry element Motion pictures
General subdivision Social aspects
Geographic subdivision India
Topical term or geographic name entry element Motion pictures
Geographic subdivision India
Holdings
Withdrawn status Lost status Source of classification or shelving scheme Damaged status Not for loan Collection code Home library Current library Shelving location Date acquired Serial Enumeration / chronology Inventory number Total Checkouts Full call number Barcode Date last seen Price effective from Koha item type
    Dewey Decimal Classification     Main TEST RTC Library RTC Library Main opac 27/11/2018 10410   791.4 PRA 30010211 27/11/2018 27/11/2018 Main
Royal Thimphu College || All Right Reserved